| 000 | 00916cab a2200325 4500 | ||
|---|---|---|---|
| 001 | ABS56532 | ||
| 008 | 090401t1997 xxu||||| |||| 00| 0 eng d | ||
| 035 | _a(Sirsi) u24332 | ||
| 041 | _aeng | ||
| 100 | _aBarr, W. | ||
| 245 | _aAgricultural law update | ||
| 260 | _c1997 | ||
| 350 | _a0 | ||
| 490 |
_aSolicitors` Journal _v141(2) 17 January 1997, 37-39(3) |
||
| 520 | _aConsiders recent agricultural law relating to the valuation of milk quota and rent. | ||
| 650 | _aAGRICULTURAL HOLDINGS ACT 1986 SCH2 | ||
| 650 | _aCAPITAL GAINS TAX | ||
| 650 | _aCHILDERS V ANKER | ||
| 650 | _aCOTTLE V COLDICOTT | ||
| 650 | _aDAVIES V H & R ECKROYD LTD | ||
| 650 | _aFAULKS V FAULKS | ||
| 650 | _aMARRIAGE VALUES | ||
| 650 | _aMILK QUOTA | ||
| 650 | _aOPEN MARKET VALUE | ||
| 650 | _aRENT REVIEW FORMULA | ||
| 690 | _aRURAL PRACTICE | ||
| 700 | _aFalkner, J. | ||
| 942 | _n0 | ||
| 948 | _c04/03/1997 | ||
| 999 |
_c16313 _d16313 |
||